| 000 | 00600na a2200229 4500 | ||
|---|---|---|---|
| 001 | 20120 | ||
| 003 | MIRAKIL | ||
| 005 | 20181213155238.0 | ||
| 008 | 170104b tu 000 0 | ||
| 035 | _a20120 | ||
| 040 |
_aMilas _btur _cTR-AnCHP |
||
| 041 | _atur | ||
| 082 |
_a382.91 _bS65g 2002 |
||
| 090 | _a382.91 S65g 2002 | ||
| 100 | _aSomuncuoğlu, Sadi | ||
| 245 |
_aGümrük'te kuşatma _cSadi Somuncuoğlu |
||
| 260 |
_aAnkara _bAnkara Ticaret Odası (ATO) _c2002 |
||
| 300 |
_axv, 158 s. _c24 sm. |
||
| 504 | _aKaynakça var. | ||
| 650 |
_aGümrük _xEkonomik durum |
||
| 942 |
_2dcc _cBKS |
||
| 999 |
_c9196 _d9196 |
||